000 00493nam a2200169Ia 4500
005 20250423100550.0
008 250422s9999 xx 000 0 und d
020 _a9789789789009
050 _aJQ 3089.5 .P67/
245 0 _aPopular participacition and democratization in Nigeria
260 _aKaduna
260 _bAhmadu Bello University
260 _c2012
300 _a195 p
650 _aPolitical corruption--Nigeria--Congresses. Democratization--Nigeria--Congresses.
942 _cBK
999 _c33693
_d33693